| 000 | 00861aaa a2200253 4500 | ||
|---|---|---|---|
| 001 | 14390 | ||
| 003 | HDC | ||
| 007 | cr bn ---aaaaa | ||
| 008 | 210214p2000 o 0o0 0 m eng | ||
| 040 | _aHDC | ||
| 245 | 0 | _aProfile of the Agricultural Livestock Production Industry | |
| 260 |
_a[no place] _b[publisher not identified] _c2000 |
||
| 300 | _a166 pages | ||
| 336 |
_atext _2rdacontent |
||
| 337 |
_acomputer _2rdamedia |
||
| 338 |
_aonline resource _2rdacarrier |
||
| 650 |
_aAgricultural _94639 |
||
| 650 |
_aLivestock production industry _914973 |
||
| 710 | _aEPA Office of Compliance Sector Notebook Project | ||
| 856 | _zRequest full-text at [email protected] | ||
| 942 | _2lcc | ||
| 942 | _cEBOOK | ||
| 942 | _kEBOK 000979 | ||
| 999 |
_c11706 _d11706 |
||